ՀՀ Գիտությունների ազգային ակադեմիայի հիմնարար գիտական գրադարան  =   Fundamental Scientific Library of NAS RA

Финифтяники в городе Ростове Ярославской губернии / (Record no. 405446)

MARC details
000 -LEADER
fixed length control field 00883nam a22002057a 4500
003 - CONTROL NUMBER IDENTIFIER
control field AM-YeHGA
005 - DATE AND TIME OF LATEST TRANSACTION
control field 20250617154130.0
008 - FIXED-LENGTH DATA ELEMENTS--GENERAL INFORMATION
fixed length control field 180525b xxu||||| |||| 00| 0 rus d
040 ## - CATALOGING SOURCE
Original cataloging agency AM-YeHGA
041 0# - LANGUAGE CODE
Language code of text/sound track or separate title rus
090 ## - LOCALLY ASSIGNED LC-TYPE CALL NUMBER (OCLC); LOCAL CALL NUMBER (RLIN)
-- 407693
100 1# - MAIN ENTRY--PERSONAL NAME
Personal name Титов, Андрей Александрович
Dates associated with a name 1844-1911
245 10 - TITLE STATEMENT
Title Финифтяники в городе Ростове Ярославской губернии /
Statement of responsibility, etc. А. Титов; С предисл. Н.П. Кондакова
260 ## - PUBLICATION, DISTRIBUTION, ETC.
Place of publication, distribution, etc. Санкт-Петербург :
Name of publisher, distributor, etc. ОЛДП,
Date of publication, distribution, etc. 1901
300 ## - PHYSICAL DESCRIPTION
Extent X, 14 с.
440 #0 - SERIES STATEMENT/ADDED ENTRY--TITLE
Title Памятники древней письменности и искусства
Volume/sequential designation Вып. 143
653 ## - INDEX TERM--UNCONTROLLED
Uncontrolled term Финифтяное мастерство - Ростов, г.
700 1# - ADDED ENTRY--PERSONAL NAME
Personal name Кондаков, Никодим Павлович
Dates associated with a name
Relator term авт. предисл.
Relationship aui
942 ## - ADDED ENTRY ELEMENTS (KOHA)
Source of classification or shelving scheme Universal Decimal Classification
Koha item type Գրքեր / Books
Holdings
Withdrawn status Lost status Damaged status Not for loan Collection Home library Current library Date acquired Total checkouts Full call number Barcode Date last seen Price effective from Koha item type Public note
        General Fundamental Scientific Library Fundamental Scientific Library 25/05/2018   РД III/5269 FL0491771 25/05/2018 25/05/2018 Գրքեր / Books 30 Days Loan


ՀՀ ԳԱԱ հիմնարար գիտական գրադարան
ՀՀ,Երևան 0019
Մարշալ Բաղրամյան 24/6
հեռախոս:(374-10) 52-47-50
Հետադարձ կապ

All site content, except where otherwise noted, is licensed under a
Creative Commons License